| 000 | 00412nam a2200157Ia 4500 | ||
|---|---|---|---|
| 008 | 220204s9999 xx 000 0 und d | ||
| 020 | _a8120412796 | ||
| 082 |
_a338.433(540) _bACH |
||
| 100 | _aAcharya, S S | ||
| 245 | 0 | _aAgricultural marketing in India | |
| 250 | _aEd.3 | ||
| 260 |
_aNew Delhi _bOxford & IBH Publishing _c1999 |
||
| 650 | _aAgricultural marketing | ||
| 700 | _aAgarwal, N L | ||
| 942 | _cBK | ||
| 999 |
_c42206 _d42206 |
||